Pokémon 5ème génération - Mort Subite - Statistiques

Statistiques générales
  • Ce quiz a été pris 973 fois
  • Le résultat moyen est 13 sur 20
Answers on the Grid
Answers color-coded by a green-red scale on the quiz's grid according to % correct below.
Roitiflam
Vipélierre
Furaiglon
Déflaisan
Munna
Zébibron
Gigalithe
Hexagel
Tritonde
Funécire
Brutapode
Bargantua
Maracachi
Carapagos
Couaneton
Scrutella
Vivaldaim
Kyurem
Boréas
Genesect
Mustébouée
Motisma
Shaymin
Groret
Spiritomb
Laggron
Gouroutan
Crocrodil
Migalos
Pachirisu
Denticrisse
Amovénus
Porygon-Z
Vibraninf
Gallame
Fouinette
Brutalibré
Trousselin
Famignol
Pomdrapi
 
Statistiques - réponses
Réponse % Correct
Vipélierre
71%
Kyurem
70%
Zébibron
70%
Roitiflam
69%
Vivaldaim
69%
Munna
68%
Scrutella
68%
Boréas
67%
Carapagos
67%
Brutapode
66%
Déflaisan
66%
Genesect
66%
Funécire
65%
Gigalithe
65%
Furaiglon
64%
Couaneton
63%
Hexagel
63%
Tritonde
62%
Maracachi
61%
Bargantua
59%
Aucun quiz correspondant
Distribution des résultats
% des personnes avec chaque résultat
Percentile par nombre de réponses
Votre historique - résultats
Vous n’avez pas pris ce quiz